000 01146cam a2200205 4500
001 WB@3612-768
008 041109n2004 000 0 eng u
035 _a(Sirsi) u127923
245 _aNational database launched
260 _c2004
490 _aCountryside Agency Press Release
_v8 November 2004 (1)
520 _aThe Countryside Agency has launched an online database, describing the state of play of Landscape Character Assessment (LCA) across the whole of England. Providing a record of achievements amongst the LCA community, the database aims to widen the use of the approach by encouraging access to locally held information. Contributors to the database include local authorities, National Parks, AONBs and other organisations. The aim is to help increase awareness of LCA as a rapidly growing tool for guiding planning and development. To access the database visit: http://www.ccnetwork.org.uk. http://www.countryside.gov.uk/WhoWeAreAndWhatWeDo/ LCA.asp
590 _aWB
590 _aWB
650 _aLANDSCAPE ASSESSMENT
650 _aLANDSCAPE CHARACTER
650 _aPLANNING
690 _aRURAL
_96268
942 _n0
999 _c118279
_d118279